000 00584nam a2200181Ia 4500
008 151018s9999 xx 000 0 und d
082 _bRBASDV22166
_a891.463
100 _aअनंत तिबिले
245 _aस्वप्न भंगले
250 _b1
260 _bमधुर प्रकाशन नागपूर
_c1987
300 _a116
600 _aअनंत तिबिले
630 _aस्वप्न भंगले
700 _aअनंत तिबिले
730 _aस्वप्न भंगले
942 _cBOOK
999 _c1021836
_d1021833